| 000 | 00532nam a22001817a 4500 | ||
|---|---|---|---|
| 005 | 20251108165804.0 | ||
| 008 | 250721s1979 xx 000 0 ara d | ||
| 082 | 1 | 4 | _aط/535.6/شير |
| 100 | 1 | _aالخطيب، أحمد | |
| 245 | 1 | 0 | _aالألوان / |
| 264 | 1 |
_aلافبورو : _bليد يبرد ليمتد، _c1979. |
|
| 300 | _a50ص : مص | ||
| 490 | 0 | _aسلسلة ليد بيرد | |
| 650 | 1 | 7 | _aالألوان |
| 653 | _aاطفال ما قبل المدرسة (0-5) سنوات | ||
| 942 |
_2ddc _cBK |
||
| 999 |
_c31333 _d31333 |
||